Record Details

Anything but Ordinary Addie : The True Story of Adelaide Herrmann Queen of Magic

Mara Rocklife (Author).

Record details

  • ISBN: 9780763668419
  • Physical Description: Hard Cover
  • Publisher: England Candlewick Press 2016
Subject: Magic

Available copies

  • 1 of 1 copy available at Headquarters.
Location Call Number / Copy Notes Barcode Shelving Location Status Due Date
Accra Central Library 201 Jfic/Roc 9780763668419 300 - Social Issues, Fairy Tales, Folk Tales - EXT Available -

No reviews or recommendations are currently available.

Loading shelf browser…

LDR 00620cam a2200205Ka 4500
0011446
003HQ
00520191107193023.0
008070101s xxu cr6 1 eng d
020 . ‡a9780763668419
037 . ‡aBook Aid
082 . ‡aJfic/Roc
100 . ‡aMara Rocklife
245 . ‡aAnything but Ordinary Addie : The True Story of Adelaide Herrmann Queen of Magic
260 . ‡aEngland ‡bCandlewick Press ‡c2016
300 . ‡aHard Cover
650 . ‡aMagic
901 . ‡a1446 ‡bAUTOGEN ‡c1446 ‡tbiblio

Session Timeout

Your session will expire in minutes and seconds.

If you need more time, please click "Continue Session."

Session Ended

Your session has ended. Redirecting to the home page...